Všeobecná a vývinová psychológia

Podrobná bibliografia
Hlavný autor: Končeková, Ľuba, 1953- (Autor)
Médium: Kniha
Jazyk:slovenčina
Fyzický popis:152 s. 29 cm
Vydavateľské údaje: Košice Univerzita P. J. Šafárika 1991
ISBN:8070971452
Vydanie:1. vyd.
Edícia:Vysokoškolské učebné texty
Predmet:

MARC

LEADER 00000cam a2200000 a 4500
001 vtls001067077
003 SK-MaSNL
005 20260301042949.0
008 240515s1991 xo frnp 000 0 slo
015 |a SNBA1992/03 
020 |a 8070971452 
035 |a SNK000009907 
035 |a urn:nbn:sk:snk-amlmmn 
035 |a urn:nbn:sk:snk-am00byuo 
035 |a 83FC2A7B-8F6C-4523-BA77-8FAFEA0BF620 
040 |a SNK  |b slo  |c SNK  |e AACR2 
041 0 |a slo 
044 |a xo  |c SK 
080 |a 159.9(075.8)  |2 1981 
100 1 |a Končeková, Ľuba,  |d 1953-  |4 aut  |9 219101 
245 1 0 |a Všeobecná a vývinová psychológia  |c Ľuba Končeková 
250 |a 1. vyd. 
260 |a Košice  |b Univerzita P. J. Šafárika  |c 1991  |e Košice  |f Edičné stredisko UPJŠ 
300 |a 152 s.  |c 29 cm 
366 |e 600 výtl. 
490 1 |a Vysokoškolské učebné texty 
504 |a Obsahuje bibliografiu 
650 0 7 |a všeobecná psychológia  |2 SNKPH  |9 75153 
650 0 7 |a vývinová psychológia  |2 SNKPH  |9 780 
655 7 |a učebnice vysokých škôl  |2 SNKPH  |9 70191 
830 0 |a Vysokoškolské učebné texty  |9 276539 
852 |a Slovenská národná knižnica 
919 |a 80-7097-145-2 
954 |a odborná, vedecká literatúra pôvodná (slovenská)  |2 lita 
958 0 7 |a NB 
958 0 7 |a RM 
958 0 7 |a UV 
999 |c 592311  |d 594241 
952 |t P60, <04>, [BOOK], {604}  |a SNK  |b SNKPULT  |y VYP  |7 0  |p 17A0023172  |o snkSB 49077 D1  |0 0  |1 0  |4 0  |d 1996-11-29  |l 1  |q 2026-06-12  |r 2026-05-13 15:51:39  |s 2026-05-13  |w 2026-02-23 
952 |a SNK  |b SNK  |y PREZ  |7 0  |p 17A0801437  |o snkSB 49077  |0 0  |1 0  |4 0  |d 2012-07-12  |f 1  |l 0  |r 2025-02-28 00:00:00  |w 2026-02-23